00422nam a2200157 a 45000010005000000030009000050080041000140400028000550820016000831000031000992450033001302600036001633000010001994900020002096500035002294814CO-ViMGA141112s2004 ck r 000 u spa d aCO-ViMGAbspacCO-ViMGA04a928.6 B673b1 aBarnatán, Marcos Ricardo10aBorges : bbiografía total aMadrid : bTemas de Hoy, c1995 a519 p aBiografías, 514aBORGES, JORGE LUIS 1899 - 1986